[Event "FRA-chT2 0910"]
[Site "France"]
[Date "2009.11.22"]
[Round "4.3"]
[White "Croutte, Stephane"]
[Black "Large, Laurent"]
[Result "1/2-1/2"]
[WhiteElo "2193"]
[BlackElo "2240"]
[PlyCount "39"]
[EventDate "2009.09.27"]
[EventType "team-tourn"]
[EventRounds "11"]
[EventCountry "FRA"]
[SourceTitle "EXT 2011"]
[Source "ChessBase"]
[SourceDate "2010.11.26"]
[SourceVersion "1"]
[SourceVersionDate "2010.11.26"]
[SourceQuality "1"]

1. d4 Nf6 2. c4 c5 3. d5 b5 4. cxb5 a6 5. bxa6 Bxa6 6. Nc3 g6 7. g3 d6 8. Bg2 Bg7 9. Nh3 Nbd7 10. 0-0 0-0 11. Qc2 Nb6 12. Rb1 Bc4 13. Nf4 Bxa2 14. Nxa2 Rxa2 15. Qb3 Ra4 16. Bd2 Nc4 17. Qxa4 Nxd2 18. b4 Nxf1 19. Kxf1 cxb4 20. Qxb4 1/2-1/2

[Event "FRA-chT2 West 0809"]
[Site "France"]
[Date "2009.03.14"]
[Round "8.4"]
[White "Croutte, Stephane"]
[Black "Brochet, Philippe"]
[Result "0-1"]
[WhiteElo "2220"]
[BlackElo "2364"]
[PlyCount "66"]
[EventDate "2008.10.19"]
[EventType "team-tourn"]
[EventRounds "11"]
[EventCountry "FRA"]
[SourceTitle "EXT 2010"]
[Source "ChessBase"]
[SourceDate "2010.11.25"]
[SourceVersion "1"]
[SourceVersionDate "2010.11.25"]
[SourceQuality "1"]
[WhiteTeam "Lisieux"]
[BlackTeam "Evry Grand Roque II"]
[WhiteTeamCountry "FRA"]
[BlackTeamCountry "FRA"]

1. d4 d5 2. c4 dxc4 3. e3 Be6 4. Na3 c5 5. Qa4+ Qd7 6. Qxd7+ Bxd7 7. dxc5 e6 8. Nxc4 Bxc5 9. Nf3 Ke7 10. a3 b5 11. Nce5 Be8 12. b4 Bd6 13. Bb2 Nf6 14. Nd3 a5 15. Nd4 axb4 16. Nxb4 Bxb4+ 17. axb4 Rxa1+ 18. Bxa1 Nc6 19. Nxb5 Nxb4 20. Bxf6+ gxf6 21. Nd4 Rg8 22. g3 Ba4 23. Bg2 e5 24. Nf5+ Ke6 25. Bh3 Nc2+ 26. Kf1 Rb8 27. Nd4+ Ke7 28. Nxc2 Bxc2 29. Bg2 Rb1+ 30. Ke2 Rb2 31. Ke1 e4 32. f3 Bd3 33. Rg1 f5 0-1

[Event "FRA-chT2 West 0809"]
[Site "France"]
[Date "2008.10.19"]
[Round "1.3"]
[White "Croutte, Stephane"]
[Black "Bollore, Jacques"]
[Result "1-0"]
[WhiteElo "2220"]
[BlackElo "2121"]
[PlyCount "57"]
[EventDate "2008.10.19"]
[EventType "team-tourn"]
[EventRounds "11"]
[EventCountry "FRA"]
[SourceTitle "EXT 2010"]
[Source "ChessBase"]
[SourceDate "2010.11.25"]
[SourceVersion "1"]
[SourceVersionDate "2010.11.25"]
[SourceQuality "1"]
[WhiteTeam "Lisieux"]
[BlackTeam "Quimper"]
[WhiteTeamCountry "FRA"]
[BlackTeamCountry "FRA"]

1. d4 d5 2. c4 c6 3. Nc3 e6 4. Nf3 Nf6 5. Bg5 dxc4 6. e4 b5 7. e5 h6 8. Bh4 g5 9. Nxg5 Nd5 10. Nxf7 Qxh4 11. Nxh8 Bb4 12. Rc1 c5 13. dxc5 Qg5 14. Be2 Qxg2 15. Bf3 Qg7 16. Ng6 Bb7 17. Rg1 Na6 18. Kf1 Bxc3 19. Bxd5 Bxd5 20. Rxc3 0-0-0 21. Qh5 Be4 22. Rgg3 Nxc5 23. Nf4 Qd7 24. Qe2 Qd4 25. b4 Qxe5 26. bxc5 Qxf4 27. Rg4 Qf6 28. Qxe4 Qxc3 29. Qa8+ 1-0